00350pab a2200133 454500008004000000100001800040245005900058260000900117300001500126362000800141650001600149700001700165773003400182180718b2015 xxu||||| |||| 00| 0 eng d aRawat, Ayushi aLife worlds of children of sex workers in Budhwar Peth c2015 ap.573-590. aOct aSex workers aShewli Kumar aIndian Journal of Social Work